00467nam a22001577a 4500003000400000005001700004008004100021020001800062040000900080082002100089100003000110245001900140260004200159300000900201650009900210OSt20240822142128.0240822b |||||||| |||| 00| 0 eng d a9788126436132 cSBCL a894.8123 bBAS-P aBasheer, Vaikom Muhammad  aPremalekhanam  aDC Kizhakemuri Edam bDC Books c1943 a55p. 2Literature & rhetoricaLiteratures of other languagesvAltaic, Uralic, Hyperborean & Dravidian